A délvidéki írók nyári táborozása Palicsfürdőn

Elmentve itt :
Bibliográfiai részletek
Szerző: A. A.
Dokumentumtípus: Cikk
Megjelent: 1943
Sorozat:Délvidéki szemle 2
Kulcsszavak:Irodalmi élet - magyar - Délvidék, Egyesület - irodalmi - magyar - Délvidék
Tárgyszavak:
Online Access:http://acta.bibl.u-szeged.hu/19321
LEADER 00708nab a2200193 i 4500
001 acta19321
005 20251009105619.0
008 161015s1943 hu o 000 hun d
040 |a SZTE Egyetemi Kiadványok Repozitórium  |b hun 
041 |a hun 
100 1 |a A. A. 
245 1 2 |a A délvidéki írók nyári táborozása Palicsfürdőn  |h [elektronikus dokumentum] /  |c  A. A. 
260 |c 1943 
300 |a 416-419 
490 0 |a Délvidéki szemle  |v 2 
650 4 |a Bölcsészettudományok 
650 4 |a Nyelvek és irodalom 
695 |a Irodalmi élet - magyar - Délvidék, Egyesület - irodalmi - magyar - Délvidék 
856 4 0 |u http://acta.bibl.u-szeged.hu/19321/1/delvideki_szemle_002_416-419.pdf  |z Dokumentum-elérés